Từ điển Anh Việt English - Vietnamese dictionary

Shranjeno v:
Bibliografske podrobnosti
Glavni avtor: Lê Khả Kế
Format: Knjiga
Jezik:English
Vietnamese
Izdano: H. Khoa học xã hội 1997
Teme:
Oznake: Označite
Brez oznak, prvi označite!
Thư viện lưu trữ: Mạng thư viện Đại học Đà Nẵng
LEADER 01238nam a22003978a 4500
001 000021977
003 18425
005 20150424100455.0
008 150424s1997 b 000 0 engod
020 |d 3000b 
041 0 |a eng 
041 0 |h eng 
041 0 |a vie 
080 |a 4(N523)(03) 
082 1 4 |a 423  |b LÊ-K 
084 |a V143.21-48  |b T550Đ 
100 1 |a Lê Khả Kế 
245 1 0 |a Từ điển Anh Việt  |b English - Vietnamese dictionary  |c Lê Khả Kế 
246 0 1 |a English - Vietnamese dictionary 
260 |a H.  |b Khoa học xã hội  |c 1997 
300 |a 2205 tr.  |c 24 cm. 
650 0 4 |a Tiếng Anh  |v Từ điển  |x Tiếng Việt 
650 0 4 |a English  |v Dictionary  |x Vietnamese 
653 |a Tiếng Anh 
653 |a Từ điển 
653 |a Tiếng Việt 
OWN |a LSP 
AVA |a UDN50  |b LSP  |d 423 LÊ-K  |e available  |t Error 5001 Not defined in file expand_doc_bib_avail.  |f 1  |g 0  |h N  |i 0  |k 1 
999 |a From the UDN01 
AVA |a UDN50  |b LSP  |d 423 LÊ-K  |e available  |t Error 5001 Not defined in file expand_doc_bib_avail.  |f 1  |g 0  |h N  |i 0  |k 1 
TYP |a Monograph 
TYP |a Printed language 
980 |a Mạng thư viện Đại học Đà Nẵng